Wszystkie nazwy pociągów na stacji Sędziszów - Statystyki

Ogólne statystyki
  • Ten quiz został rozwiązany 21 razy
    4 od ostatniego zresetowania
  • Średni wynik to 5 z 13
Statystyki odpowiedzi
Skąd dokąd jedzie? Nazwa pociągu % Poprawnych
TLK Kraków Główny -> Kołobrzeg Ustronie
75%
IC Kraków Główny -> Olsztyn Główny Żeromski
75%
IC Kraków Główny > Olsztyn Główny Kormoran
50%
TLK Szczecin Główny > Zakopane Lubomirski
50%
IC Kraków Główny -> Olsztyn Główny Orłowicz
50%
IC Kraków Główny -> Olsztyn Główny Sienkiewicz
50%
IC Lublin Kraków Główny > Lublin Główny Jadwiga
25%
IC Warszawa Wschodnia - Zakopane Karłowicz
25%
IC Kraków Główny -> Olsztyn Główny Kolberg
25%
IC Kraków Główny > Lublin Główny Morcinek
25%
IC Kraków Główny > Lublin Główny Sztygar
25%
IC Kraków Główny -> Lublin Główny Jagiełło
0%
IC Kraków Główny -> Warszawa Wschodnia Kinga
0%
Nie znaleziono quizów pasujących do podanych kryteriów
Rozkład punktacji
Procent ludzi z każdym wynikiem
Percentyl według liczby udzielonych odpowiedzi
Twoja historia wyników
Nie rozwiązałeś tego quizu od ostatniego zresetowania